Leonardo Architetto e urbanista

保存先:
書誌詳細
第一著者: Strenna Utet
フォーマット: 図書
言語:言語不明
出版事項: Utet
タグ: タグ追加
タグなし, このレコードへの初めてのタグを付けませんか!

MARC

LEADER 00000nam a2200000Ia 4500
001 R-1532
003 CODICE-MESSINA
005 20260212102508.0
008 260211s9999 xx 000 0 und d
040 |c importazione_messina 
100 |a Strenna Utet 
245 0 |a Leonardo 
245 0 |b Architetto e urbanista 
260 |b Utet 
942 |2 ddc  |c BK 
952 |0 0  |1 0  |2 ddc  |4 0  |6 SCAFFALE_14_000000000000000__ARTE  |7 0  |9 32370  |a ME  |b ME  |d 2026-02-11  |l 0  |o SCAFFALE 14 - ARTE  |p R-1532  |r 2026-02-11 23:53:08  |w 2026-02-11  |x [REVISIONARE]  |y BK 
999 |c 28037  |d 28037